000 00683cab a2200229 4500
001 ABS54254
008 090401t1996 xxu||||| |||| 00| 0 eng d
035 _a(Sirsi) u9310
041 _aeng
100 _aBrewer, G.
245 _aCan JCT deliver on insolvency promises?
260 _c1996
350 _a0
490 _aContract Journal
_v140930 25 January 1996, 24-25(2)
520 _aExamines what course of action is open when insolvency of a main contractor is declared.
650 _aBRITISH EAGLE V AIR FRANCE
650 _aInsolvency
_96247
650 _aMAIN CONTRACTORS
690 _aBUILT ENVIRONMENT-BUILDING CONTRACT FORMS
942 _n0
948 _c04/03/1997
999 _c5794
_d5794